000 00524nam a22001817a 4500
003 OSt
005 20220210032734.0
008 160722b xxu||||| |||| 00| 0 eng d
020 _a0856048-X
040 _aMMU
_beng
_cMMU
_dMMU
050 _aPL8704
_b.K62 2004
100 _aMassamba,D.P.B
245 _aKswahili:
_bJarida la taasisi ya taaluma za kiswahili/
_cD.P.B Massamba.
260 _aDar es salaam:
_bTaasisi ya taaluma za kiswahili,
_c2004.
300 _avii,154 p. :
650 _2kiswahili
942 _2lcc
_cSHORTLOAN
999 _c18360
_d18360